=LDR 00000nam 2200000 4500 =001 000265 =005 20250711024032 =035 ##$$a 0010-0725000100 =245 1#$$a Manasa Mangumpulkan Warna-Warni Pelangi /$c Shalini Seinivasan =100 #$$a Srinivasan,Shalini =250 ##$$a pertama =300 ##$$a 20hlm. : $b Ilus. ; $c 22,9cm =856 ##$$a TBM AS-SYUHADA =700 #$$a Pia Alize Hazarika =260 ##$$a Jakarta Timur :$b Badan Pengembangan dan Pembinaan Bahasa,$c 2022 =082 ##$$a 398.209 598 =650 #4$$a cerita anak indonesia-terjemahan,literasi bahan bacaan =008 250711###########################0###### =084 ##$$a 398.209 598 SRI m =990 ##$$a TBM202500075